| 000 | 00477nam a22001337a 4500 | ||
|---|---|---|---|
| 005 | 20241016092708.0 | ||
| 008 | 241016b |||||||| |||| 00| 0 eng d | ||
| 100 |
_aAsuncion-Feliciano, Lisa. _eauthor. _962985 |
||
| 245 |
_aBack in Barcelona / _cLisa Asuncion-Feliciano. |
||
| 260 |
_aPhilippines; _bPhilippine Graphic Publishing Inc., _cJuly 2019. |
||
| 300 | _aVolume 20, pages 38-43, illustration. | ||
| 700 |
_aAsuncion-Feliciano, Lisa. _eauthor. _962986 |
||
| 942 |
_2ddc _cPER |
||
| 999 |
_c22583 _d22583 |
||